Statistics for Beer Drinking Countries

Click here to take the quiz!

General Stats

  • This quiz has been taken 897 times
  • The average score is 9 of 15

Answer Stats

Annual Litres of Beer Consumed Per Head of PopulaitonAnswer% Correct
60.6United States
95%
67.9Germany
95%
62.5Russia
84%
57.6Canada
80%
69.9Australia
72%
79.4Czech Republic
71%
67.3Poland
71%
65.4Austria
69%
86.3Estonia
50%
68.5Finland
49%
56.8Latvia
48%
71.0Lithuania
47%
58.3Romania
47%
58.9Slovenia
40%
75.3Venezuela
8%

Score Distribution

Percentile by Number Answered

Percent of People with Each Score

Your Score History

You have not taken this quiz